Netaji Inquiry Committee Report (Record no. 508446)
[ view plain ]
| 000 -LEADER | |
|---|---|
| fixed length control field | 00257nam a22000977a 4500 |
| 082 ## - DEWEY DECIMAL CLASSIFICATION NUMBER | |
| Classification number | A99 B651/IIn2 |
| 100 ## - MAIN ENTRY--PERSONAL NAME | |
| Personal name | Government of India |
| 9 (RLIN) | 3776 |
| 245 ## - TITLE STATEMENT | |
| Title | Netaji Inquiry Committee Report |
| 260 ## - PUBLICATION, DISTRIBUTION, ETC. (IMPRINT) | |
| Place of publication, distribution, etc | New Delhi |
| Name of publisher, distributor, etc | Government of India Press |
| Date of publication, distribution, etc | 1956 |
| 300 ## - PHYSICAL DESCRIPTION | |
| Extent | 71p. |
| Withdrawn status | Lost status | Source of classification or shelving scheme | Damaged status | Koha normalized classification for sorting | Not for loan | Permanent location | Current location | Date acquired | Full call number | Barcode | Date last seen | Price effective from | Koha item type |
|---|---|---|---|---|---|---|---|---|---|---|---|---|---|
| A_99_000000000000000_B651_IIN2 | Indian Institute of Public Administration | Indian Institute of Public Administration | 2019-03-26 | A99 B651/IIn2 | GG33750 | 2019-03-26 | 2019-03-26 | GG |
